000 00922nam a22002897a 4500
003 CHAP
005 20220817041801.0
008 971013s1961 r 10010 d
010 _a24411
011 _a25383
035 _a29483
040 _cCHAP
090 _aFolleto 355
111 0 0 _aComité Intergubernamental Consultivo sobre la Campaña Mundial contra el Hambre. Período de sesiones (
_n3
_d: 1961
_c: Roma)
_925880
245 1 _aInforme
260 _a(s.l.) :
_b(El Comité),
_c1961
300 _a13 p.
_b: 6 apéndices
590 _aBATCH-UPD
_b10
_c20130110
_lUCH01
_h1635
590 _aBATCH-UPD
_b10
_c20130410
_lUCH01
_h1026
590 _aBATCH-UPD
_b10
_c20130914
_lUCH01
_h1941
590 _aCONVERSION
_b10
_c20130109
_lUCH01
_h1314
650 1 4 _aAlimentos
_xAbastecimiento.
710 0 _aFAO.
901 _aBK
942 _cFOLL
949 _aFolleto 355
_bBC
_cFAO
_d33724002050694
_eFAO1
_gDonaciØn
_i29483
_sb
999 _c24411
_d24411